| 000 | 00707nam a22002177a 4500 | ||
|---|---|---|---|
| 999 |
_c1716 _d1716 |
||
| 003 | AR-CdUCM | ||
| 008 | 190227b ||||| |||| 00| 0 spa d | ||
| 040 |
_aMUNICIPALIDAD PROVINCIAL DEL CUSCO _cBIBLIOTECA MUNICIPAL DEL CUSCO |
||
| 082 |
_a375.420 / _bB 5 |
||
| 245 | _aGrau - Bolognesi, Prado / | ||
| 246 | _aTres héroes peruanos | ||
| 260 |
_aLima : _bEdiciones del Ministerio de Educación Pública, _c1958. |
||
| 300 |
_a150 páginas ; _c17 cm. |
||
| 440 |
_aBiblioteca del estudiante peruano _n5 _96340 |
||
| 650 |
_aHéroes _91336 |
||
| 650 |
_aBigrafías _96341 |
||
| 650 |
_aPerú _935 |
||
| 710 |
_aMinisterio de Educación Pública _96342 |
||
| 942 |
_2ddc _cLIBROS |
||
| 945 |
_araen _d2019-02-27 |
||